Регионална библиотека "Любен Каравелов" - Русе

Приключения в географията (Запис номер 168140)

MARC детайли
000 -Лидер
Контролно поле с фиксирана дължина 01352nam a2200337 c 4500
003 - Код на организацията, давaща контролен номер
Контролно поле BLK
005 - Дата и час на последна редакция
Контролно поле 20180420235129.0
008 - Елементи от данни с фиксирана дължина
fixed length control field 180411b bul|||||r ||||||| ||bul||
010 ## - Наследен системен номер
LC control number KNG00176011000
020 ## - Международен стандартен номер на книга ISBN
Международен стандартен номер на книга ISBN 954-500-029-5
-- издат.: Борина
040 ## - Източник на каталожния запис
Идентификатор на билиотеката - собственик на записа BLK
041 ## - Код за език
Код за езика на текст/звукозапис или на отделно заглавие Български
Код за езика КДБФ Български
080 ## - УДК
Текстов определител УДК Издания за деца и юноши. Книжки-картинки. Читанки. Вж и 372.4
УДК код - определител по УДК 087.5
УДК определител :91
УДК - код + определител 087.5:91
080 ## - УДК
Текстов определител УДК География
УДК код - определител по УДК 91
УДК определител :087.5
УДК - код + определител 91:087.5
100 1# - Редна дума - Автор
Автор Канджева, Вяра Николова
Авторска отговорност първи автор
R(LIN) 75944
139 ## - Редно поле
Редна дума Канджева, Вяра Николова
Авторски знак Канг - К 25
245 10 - Сведения за заглавието
Заглавие Приключения в географията
Подзаглавни данни Научнопопул. четиво за деца
Редно поле (дума) Вяра Николова Канджева; худож. Марио Петров.
257 ## - Страна на издаване
Страна на създаване/издаване България
260 ## - Област на издателските данни
-- София
Име на издателя, разпространителя и проч. Борина
Година на издаване 1993
300 ## - Физическа характеристика
Страници 159 с.
Илюстрации и др. с ил.
Размери/Мащаб 24 см
380 ## - Жанр
Жанр Детска отраслова лит.
650 #4 - Допълнително описание по предмет – тема
Основно описание – тема или топоним География
9 (RLIN) 151794
653 ## - Ключова дума – ненормативна
Ключова дума география
653 ## - Ключова дума – ненормативна
Ключова дума научно-популярни книги
700 1# - Други автори (авторска отговорност)
Лично име Петров, Марио
Автороска отговорност (Описва отношението между автора и произведението) худож.
9 (RLIN) 337741
852 ## - Местоположение
Форматна сигнатура Цб 178666
856 4# - Електронен адрес и достъп
Електронен формат pdf - файл
Път до файла /url/
856 4# - Електронен адрес и достъп
Електронен формат pdf - файл
Път до файла /url/
942 ## - АРТИКУЛИ
Вид на библиотечния материал Книги
Скрит в OPAC Не
944 ## - СЪЗДАВАНЕ И РЕДАКЦИЯ на ЗАПИСА
Създаване/Редакция Създаване
Дата на регистрацията/редакция 29.05.2015
Служител, извършил регистрацията/редакцията Христина_Везирева
944 ## - СЪЗДАВАНЕ И РЕДАКЦИЯ на ЗАПИСА
Създаване/Редакция Редакция
Дата на регистрацията/редакция 29.05.2015
Служител, извършил регистрацията/редакцията Христина_Везирева
999 ## - СИСТЕМНИ КОНТРОЛНИ НОМЕРА
Koha biblionumber 168140
Koha biblioitemnumber 168140
Наличности
Код за отписване Код за изгубен артикул Източник на класификационната схема Код за повреда Коз за рестрикции Код за отдаване Артикулен № Име на библиотеката - собственик Име на библиотеката, в която се намира в момента Статус (Текущо местоположение) Дата на вписване в системата Местоположение - отдел Цена в лева Инвентарен номер Систематично азбучна сигнатура Баркод Номер на екземпляра Цена в евро Служебна бележка Служебен тип на артикула
  Не е изгубен Universal Decimal Classification Не е повреден без рестрикции ползва се в читалня 283678 Регионална библиотека "Любен Каравелов" Русе Регионална библиотека "Любен Каравелов" Русе Хранилище 1993-01-01 Хранилище 2.42 587066 Цб 178666 120000587066 1 1.24 Дост: Dp Вид: Д N: стар фонд Дата: 01.01.1993 Дата инв: 14.09.2015 Бележки инв: Цб2015 Книги
Изтеглен Не е изгубен Universal Decimal Classification Не е повреден без рестрикции заемане за дома 283679 Регионална библиотека "Любен Каравелов" Русе Регионална библиотека "Любен Каравелов" Русе Детски отдел 1993-01-01 Детски отдел 4.83 584949 ДН 91/К 25 584949 2 2.47 Дост: Pk Вид: Ф N: стар фонд Дата: 01.01.1993 Дата инв: 05.10.2015 Бележки инв: Д2015 Книги
Изтеглен Не е изгубен Universal Decimal Classification Не е повреден без рестрикции заемане за дома 283680 Регионална библиотека "Любен Каравелов" Русе Регионална библиотека "Любен Каравелов" Русе Детски отдел 1993-01-01 Детски отдел 4.83 584950 ДН 91/К 25 584950 3 2.47 Дост: Pk Вид: Ф N: стар фонд Дата: 01.01.1993 Дата инв: 05.10.2015 Бележки инв: Д2015 Книги
Vip Innovations Ltd, Rousse, Bulgaria 2025